000 00712nam a2200289Ia 4500
005 20260324140032.0
008 008 260324s9999 xx 000 0 eng d
020 _a9781351283083
037 _aEBOOK
040 _aCRL
040 _beng
040 _cCRL
041 _2eng
041 _aeng
084 _qCRL
100 _aMartin Charter; Michael Jay Polonsky
_91202885
245 0 _aGreener Marketing
245 2 _bA Global Perspective on Greening Marketing Practice
260 _bTaylor and Francis
260 _c1999
365 _a
365 _b99.99
856 _uhttp://www.taylorfrancis.com/books/9781351283083
942 _cEBOOK
999 _c1804522
_d1804522